000 00238nam a2200109Ia 4500
999 _c6447
_d6447
020 _a978-1408064818
100 _aColin Drury
245 0 _aManagement Cost Accounting
260 _aIndia
_bMcGraw Hill
_c2000
300 _a1194
942 _cBK